| Tag |
First Indicator |
Second Indicator |
Subfields |
| LEADER |
00000cam a2200000 4500 |
| 001 |
in00000247821 |
| 005 |
20151010051210.0 |
| 008 |
710513s1968 coua b 00010 eng d |
| 010 |
|
|
|a 75632921
|
| 035 |
|
|
|a (OCoLC)00138494
|
| 035 |
|
|
|9 ABB4766AM
|
| 040 |
|
|
|a DLC
|c DLC
|d TXA
|d UtOrBLW
|
| 043 |
|
|
|a n-us---
|
| 049 |
|
|
|a TXAM
|c 1 [1125127]
|c 2 [1125128]
|
| 090 |
|
|
|a S544
|b .C58
|
| 245 |
0 |
2 |
|a A people and a spirit ;
|b a report of the Joint USDA-NASULGC Study Committee on Cooperative Extension.
|
| 264 |
|
1 |
|a Fort Collins, [Colorado] :
|b Colorado State University,
|c 1968.
|
| 300 |
|
|
|a 95 pages :
|b illustrations
|
| 336 |
|
|
|a text
|b txt
|2 rdacontent
|
| 337 |
|
|
|a unmediated
|b n
|2 rdamedia
|
| 338 |
|
|
|a volume
|b nc
|2 rdacarrier
|
| 650 |
|
0 |
|a Agricultural extension work.
|
| 999 |
|
|
|a MARS
|
| 999 |
f |
f |
|s 9a3ae3cd-584b-3f5c-8ce7-4f5736d7ceca
|i 39ed3028-e262-3491-a6ef-6667f872303d
|t 0
|
| 952 |
f |
f |
|p ric
|a Texas A&M University
|b Rellis Campus
|c Joint Library Facility
|d Remote Storage
|t 0
|e S544 .C58
|h Library of Congress classification
|i unmediated -- volume
|m A14805179461
|
| 998 |
f |
f |
|a S544 .C58
|t 0
|l Remote Storage
|